Concrete construction: (Record no. 549207)
[ view plain ]
| 000 -LEADER | |
|---|---|
| fixed length control field | 00453nam a2200145Ia 4500 |
| 020 ## - INTERNATIONAL STANDARD BOOK NUMBER | |
| International Standard Book Number | 0195797779(pbk) |
| 082 ## - DEWEY DECIMAL CLASSIFICATION NUMBER | |
| Classification number | 721 |
| Author Mark | SUR |
| -- | N-01, P-90 |
| 100 ## - MAIN ENTRY--PERSONAL NAME | |
| Personal name | Surahyo, A. H. |
| 9 (RLIN) | 45749 |
| 245 ## - TITLE STATEMENT | |
| Title | Concrete construction: |
| Remainder of title | practical problems and solutions |
| 260 ## - PUBLICATION, DISTRIBUTION, ETC. | |
| Place of publication, distribution, etc. | Oxford: |
| Name of publisher, distributor, etc. | Oxford University Press, |
| Date of publication, distribution, etc. | 2002 |
| 300 ## - PHYSICAL DESCRIPTION | |
| Extent | 144p. :ill |
| 526 ## - STUDY PROGRAM INFORMATION NOTE | |
| Program name | 0 |
| Interest level | 0 |
| Reading level | 0 |
| Title point value | 721_000000000000000_SUR |
| 650 ## - SUBJECT ADDED ENTRY--TOPICAL TERM | |
| Topical term or geographic name entry element | Concrete Construction -- Guide-books |
| 9 (RLIN) | 45750 |
| 942 ## - ADDED ENTRY ELEMENTS (KOHA) | |
| Source of classification or shelving scheme | |
| Koha item type | Book |
| Withdrawn status | Lost status | Source of classification or shelving scheme | Damaged status | Not for loan | Permanent Location | Current Location | Date acquired | Total Checkouts | Full call number | Barcode | Date last seen | Price effective from | Koha item type |
|---|---|---|---|---|---|---|---|---|---|---|---|---|---|
| Military College of Engineering (MCE) | Military College of Engineering (MCE) | 09/18/2014 | 721 SUR | MCE-36356 | 09/18/2014 | 09/18/2014 | Book |
